American Airlines’hubs - Statistics

General Stats
  • This quiz has been taken 120 times
  • The average score is 9 of 13
Answer Stats
Hint Answer % Correct
American Miami
95%
American Dallas
92%
American Los Angeles
89%
American New York
89%
American New York
89%
American Chicago
85%
American Charlotte
84%
American Philadelphia
73%
American Phoenix
70%
American Washington
62%
American Orlando
38%
American Tulsa
11%
American Roswell
4%
No matching quizzes found
Score Distribution
Percent of People with Each Score
Percentile by Number Answered
Your Score History
You have not taken this quiz